[Event "ch-AUS 2024"]
[Site "Adelaide AUS"]
[Date "2024.01.07"]
[Round "7.7"]
[White "Zhang, Jilin"]
[Black "Soo, Kai Jie"]
[Result "1-0"]
[WhiteTitle "WGM"]
[BlackTitle "FM"]
[WhiteElo "2170"]
[BlackElo "2058"]
[WhiteFideId "8602867"]
[BlackFideId "5803454"]
[EventDate "2024.01.02"]
[EventType "swiss"]

1. e4 e6 2. d4 d5 3. Nc3 Bb4 4. e5 c5 5. Bd2 Ne7 6. a3 Bxc3 7. Bxc3 Nbc6 8. Nf3
cxd4 9. Bxd4 Nf5 10. c3 Ncxd4 11. Nxd4 Nxd4 12. Qxd4 Qb6 13. Qxb6 axb6 14. O-O-O
Bd7 15. Rd4 Ra4 16. Bd3 Ke7 17. Re1 Rha8 18. Kd2 h5 19. Re3 g6 20. Bc2 Rxd4+ 21.
cxd4 Ba4 22. Bb1 h4 23. Rc3 Kd7 24. Rh3 Rh8 25. f4 Bb5 26. Bd3 Bc4 27. Ke3 Kc6
28. Rf3 Bxd3 29. Kxd3 Kb5 30. Kd2 Rc8 31. Rb3+ Ka5 32. Rc3 Rc6 33. b3 b5 34.
Rxc6 bxc6 35. Ke3 b4 36. a4 Kb6 37. Kf3 c5 38. dxc5+ Kxc5 39. Kg4 Kd4 40. a5 Kc3
41. a6 d4 42. a7 d3 43. a8=Q d2 44. Qf3+ Kc2 45. Qe4+ Kc1 46. Qxb4 d1=Q+ 47.
Kxh4 Qg1 48. Qc3+ Kb1 49. Kg3 Ka2 50. b4 Qb1 51. h3 Qf1 52. Qe3 Qb1 53. Qd2+ Ka3
54. Qe3+ Ka4 55. Qa7+ Kb5 56. Qxf7 Qe1+ 57. Kh2 Qf2 58. Qb7+ Ka4 59. Qf3 Qd2 60.
Qe4 Kb5 61. Kg3 g5 62. fxg5 Qxg5+ 63. Kh2 Qh5 64. Qb7+ Kc4 65. Qc6+ Kxb4 66.
Qxe6 Kb5 67. Qd6 Qh4 68. e6 Qf6 69. Qd3+ Ka5 70. Qd2+ Ka4 71. Qd7+ Ka5 72. Qc7+
Ka6 73. e7 Qe6 74. h4 Qe4 75. Qc8+ Ka7 76. Qd7+ Ka6 77. e8=Q Qxh4+ 78. Kg1 Qd4+
79. Qxd4 1-0

[Event "ch-AUS 2024"]
[Site "Adelaide AUS"]
[Date "2024.01.07"]
[Round "7.8"]
[White "Annapureddy, Rheyansh Reddy"]
[Black "Phan, Nguyen Mai Chi"]
[Result "1/2-1/2"]
[BlackTitle "WFM"]
[WhiteElo "1866"]
[BlackElo "2122"]
[WhiteFideId "3244806"]
[BlackFideId "12401684"]
[EventDate "2024.01.02"]
[EventType "swiss"]

1. e4 c5 2. Nf3 d6 3. d4 cxd4 4. Nxd4 Nf6 5. Nc3 a6 6. Bg5 Nbd7 7. Bc4 h6 8.
Bxf6 Nxf6 9. f4 e5 10. fxe5 dxe5 11. Nf3 Qc7 12. Qd3 Bb4 13. O-O-O O-O 14. Nd5
Nxd5 15. Bxd5 Qe7 16. h3 Rb8 17. g4 g6 18. Rh2 Kg7 19. Kb1 b5 20. Rf2 Bc5 21.
Rfd2 Bb4 22. Rf2 Bc5 23. Rfd2 Rb6 24. Rf1 a5 25. Rg2 b4 26. Bc4 Rd6 27. Qe2 a4
28. Ne1 a3 29. Nd3 Bd4 30. Rg3 Be6 31. Bxe6 Rxe6 32. c3 bxc3 33. b3 Rb6 34. Kc2
Rfb8 35. Nc1 Rc6 36. Rgf3 Rf8 37. Nd3 Rb6 38. Nc1 Qg5 39. Nd3 h5 40. Nc1 hxg4
41. hxg4 f6 42. Rh3 Rbb8 43. Rfh1 Rh8 44. Rxh8 Rxh8 45. Rxh8 Kxh8 46. b4 Qf4 47.
Nd3 Qg3 48. Ne1 Qg1 49. b5 Bf2 50. Nd3 Qa1 51. Qxf2 Qxa2+ 52. Kxc3 Qa1+ 53. Kc4
a2 54. Qxf6+ Kh7 55. Qe7+ Kh6 56. Qh4+ Kg7 57. Qe7+ Kh6 58. Qh4+ 1/2-1/2

[Event "ch-AUS 2024"]
[Site "Adelaide AUS"]
[Date "2024.01.07"]
[Round "7.9"]
[White "Rodgers, Jack"]
[Black "Li, Hui"]
[Result "1/2-1/2"]
[WhiteTitle "FM"]
[BlackTitle "CM"]
[WhiteElo "2059"]
[BlackElo "1988"]
[WhiteFideId "3220885"]
[BlackFideId "15400310"]
[EventDate "2024.01.02"]
[EventType "swiss"]

1. d4 d5 2. Bg5 h6 3. Bh4 c6 4. e3 Qb6 5. Qc1 Bf5 6. Nd2 e6 7. c4 Be7 8. Bg3 Nd7
9. c5 Qd8 10. b4 Ngf6 11. h3 O-O 12. Ngf3 Ne4 13. Nxe4 Bxe4 14. Nd2 Bg6 15. Be2
Bh4 16. Bh2 Re8 17. Qc3 Bf6 18. f4 Bh4+ 19. g3 Be7 20. O-O Nf6 21. Bd3 Ne4 22.
Bxe4 Bxe4 23. Nxe4 dxe4 24. g4 Qd5 25. a4 f5 26. Rf2 a6 27. Rg2 Kh7 28. g5 g6
29. h4 h5 30. Rb2 Kg8 31. Rab1 Kf7 32. Bg3 Rec8 33. Be1 Ra7 34. Qb3 Ke8 35. b5
axb5 36. axb5 Qxb3 37. Rxb3 Kd7 38. Kf1 Bd8 39. Ke2 Ra2+ 40. Kd1 Ra7 41. Bc3
Rca8 42. bxc6+ bxc6 43. Kc2 Bc7 44. Rb7 Rxb7 45. Rxb7 Kc8 46. Rb3 Ra2+ 47. Bb2
Ba5 48. Kb1 Ra4 49. Bc3 Bc7 50. Kb2 Ra7 51. Bb4 Ra8 52. Bc3 Ra7 53. Rb4 Rb7 54.
Kb3 Rxb4+ 55. Bxb4 Kb7 56. Ka4 Ka6 57. Bc3 Bd8 58. Be1 Bc7 59. Bc3 Bd8 60. Be1
Bc7 1/2-1/2

[Event "ch-AUS 2024"]
[Site "Adelaide AUS"]
[Date "2024.01.07"]
[Round "7.10"]
[White "Dragicevic, Domagoj"]
[Black "Bukreyev, Andriy"]
[Result "1/2-1/2"]
[WhiteTitle "FM"]
[BlackTitle "CM"]
[WhiteElo "2040"]
[BlackElo "1967"]
[WhiteFideId "3203328"]
[BlackFideId "3242730"]
[EventDate "2024.01.02"]
[EventType "swiss"]

1. e4 e5 2. Nf3 Nc6 3. Bc4 Nf6 4. d3 h6 5. c3 d6 6. Nbd2 g6 7. O-O Bg7 8. b4 O-O
9. a4 d5 10. Ba2 Bg4 11. b5 Ne7 12. h3 Bxf3 13. Qxf3 c5 14. bxc6 bxc6 15. Ba3
Re8 16. Rfb1 Nc8 17. Nf1 Nb6 18. Bb3 Nh7 19. Bc1 a5 20. Be3 Rb8 21. g3 Re7 22.
h4 Reb7 23. Nd2 Nf6 24. g4 Qd7 1/2-1/2

[Event "ch-AUS 2024"]
[Site "Adelaide AUS"]
[Date "2024.01.07"]
[Round "7.11"]
[White "Salasan, Haran"]
[Black "Leong, Benjamin"]
[Result "0-1"]
[WhiteTitle "CM"]
[BlackTitle "CM"]
[WhiteElo "1952"]
[BlackElo "1879"]
[WhiteFideId "3221253"]
[BlackFideId "3238512"]
[EventDate "2024.01.02"]
[EventType "swiss"]

1. d4 d5 2. c4 c6 3. Nc3 Nf6 4. e3 e6 5. Nf3 Nbd7 6. Be2 dxc4 7. a4 Bd6 8. Nd2
O-O 9. Nxc4 Bc7 10. b3 e5 11. Ba3 Re8 12. O-O exd4 13. Qxd4 Nb6 14. Nd6 Re6 15.
Rad1 Nbd5 16. Nxd5 Nxd5 17. Nxc8 Rxc8 18. Bg4 Rh6 19. g3 Ra8 20. e4 Nf6 21. Qb4
Qe8 22. Qxb7 Nxg4 23. Qxc7 Nxh2 24. Bc1 Rh5 25. g4 Nxg4 26. Rd7 h6 27. Re7 Qd8
28. Rxf7 Qd4 29. Qd7 Qxe4 30. Rxg7+ Kh8 31. f3 Qc2 32. Rh7+ Qxh7 33. Qxg4 Qg8
34. Bb2+ Kh7 35. Rd1 Rg5 36. Rd7+ Kg6 37. Rd6+ Kf7 38. Rd7+ Ke8 0-1

[Event "ch-AUS 2024"]
[Site "Adelaide AUS"]
[Date "2024.01.07"]
[Round "7.12"]
[White "Rice, Leah"]
[Black "Hernandez Mendez, Iker"]
[Result "0-1"]
[WhiteElo "1525"]
[BlackElo "1834"]
[WhiteFideId "5824605"]
[BlackFideId "3243214"]
[EventDate "2024.01.02"]
[EventType "swiss"]

1. d4 Nf6 2. Bf4 c5 3. e3 cxd4 4. exd4 Qb6 5. Nc3 a6 6. a3 d5 7. Be5 e6 8. Nf3
Bd7 9. Rb1 Nc6 10. Bd3 Nxe5 11. dxe5 Ng4 12. O-O Bc5 13. Qe2 Qd8 14. b4 Ba7 15.
Rbc1 Rc8 16. Nd1 Qe7 17. h3 Nh6 18. Ne3 b5 19. c3 O-O 20. Bb1 f5 21. exf6 Qxf6
22. Qd3 g6 23. Ba2 Be8 24. Nh2 g5 25. Nhg4 Nxg4 26. Nxg4 Qf4 27. Qe2 Qd6 28.
Rfe1 h5 29. Nh6+ Kg7 30. Qxe6 Qxe6 31. Rxe6 Rxf2 32. Kh1 Rxa2 33. Nf5+ Kf7 34.
Rxa6 Rc7 35. Nd6+ Kf8 36. Nf5 Rf2 37. Nd6 Bd7 38. Re1 Rf6 39. Nxb5 Rxa6 40. Nxc7
Rxa3 41. Rf1+ Kg7 42. Nxd5 Be6 43. Nc7 Bc4 44. Ne8+ Kg8 45. Re1 Rxc3 46. Nf6+
Kf7 47. Ne4 Rc2 48. Nxg5+ Kg6 49. Nf3 Bd5 50. Ra1 Be3 51. Ne1 Rb2 52. Ra6+ Kf5
53. Ra3 Bf2 54. Ra1 Bxe1 55. Rxe1 Rxg2 56. Rf1+ Rf2+ 57. Kg1 Rxf1+ 58. Kxf1 Kg5
59. Kg1 Kh4 60. Kh2 Be6 61. b5 Bxh3 62. b6 Bc8 63. Kg2 Kg4 64. Kh2 Bb7 65. Kg1
Kg3 66. Kf1 h4 0-1

[Event "ch-AUS 2024"]
[Site "Adelaide AUS"]
[Date "2024.01.07"]
[Round "7.13"]
[White "De Vas, Saminda"]
[Black "Lee, Aaron James"]
[Result "0-1"]
[WhiteElo "1801"]
[BlackElo "2051"]
[WhiteFideId "9905260"]
[BlackFideId "3232409"]
[EventDate "2024.01.02"]
[EventType "swiss"]

1. d4 Nf6 2. c4 c5 3. d5 e6 4. Nc3 exd5 5. cxd5 d6 6. Nf3 g6 7. Nd2 Bg7 8. Nc4
O-O 9. Bg5 h6 10. Bf4 Nbd7 11. Bxd6 Re8 12. Bg3 Nb6 13. Nxb6 Qxb6 14. Qb3 Ne4
15. Rc1 c4 16. Qxb6 axb6 17. Nxe4 Rxe4 18. f3 Re8 19. Rxc4 Rxa2 20. Rb4 Bxb2 21.
Rxb6 Ra1+ 22. Kd2 Bc1+ 23. Kd3 Be3 24. Rb4 Bf5+ 25. Re4 Ra3+ 26. Kc2 Rc8+ 27.
Kb2 Bc1+ 28. Kb1 Rb3+ 29. Ka2 Rb2+ 0-1

[Event "ch-AUS 2024"]
[Site "Adelaide AUS"]
[Date "2024.01.08"]
[Round "8.1"]
[White "Tao, Trevor"]
[Black "Sardana, Rishi"]
[Result "1/2-1/2"]
[WhiteTitle "IM"]
[BlackTitle "IM"]
[WhiteElo "2364"]
[BlackElo "2470"]
[WhiteFideId "3201961"]
[BlackFideId "25004301"]
[EventDate "2024.01.02"]
[EventType "swiss"]

1. Nf3 d5 2. e3 Nf6 3. a3 Bf5 4. c4 c6 5. b4 e6 6. Be2 h6 7. Bb2 Nbd7 8. O-O Bd6
9. d4 Ne4 10. Nbd2 Qe7 11. Ne5 O-O 12. Nb3 Rad8 13. Qe1 Bb8 14. f3 Nef6 15. Na5
Nxe5 16. dxe5 Nh7 17. Bd4 Rfe8 18. Qc3 f6 19. Rfd1 Rc8 20. c5 fxe5 21. Bxe5 Bxe5
22. Qxe5 b6 23. Nxc6 Rxc6 24. Bb5 Rcc8 25. Bxe8 Qxe8 26. e4 dxe4 27. fxe4 Bg6
28. Rd6 Nf8 29. cxb6 axb6 30. Rxb6 Qd7 31. Rd6 Qc7 32. Rad1 Qa7+ 33. Qd4 Qxa3
34. b5 Qa2 35. Ra6 Qe2 36. Ra7 e5 37. Qd3 Qxd3 38. Rxd3 Bxe4 39. Rg3 Ne6 40. Re7
Rc1+ 41. Kf2 Bd5 42. Rg6 Rc2+ 43. Kg1 Rc1+ 44. Kf2 Rc2+ 45. Kg1 Rb2 46. Rgxe6
Bxe6 47. Rxe6 Rxb5 48. Re7 Kf8 49. Ra7 Rb2 50. h3 Rb4 51. Kf2 Rf4+ 52. Ke3 Rf7
53. Ra5 Rf5 54. g4 Rg5 55. Ke4 h5 56. Rxe5 1/2-1/2

[Event "ch-AUS 2024"]
[Site "Adelaide AUS"]
[Date "2024.01.08"]
[Round "8.2"]
[White "Le, Tri Kien"]
[Black "Litchfield, Frederick"]
[Result "0-1"]
[WhiteTitle "CM"]
[BlackTitle "FM"]
[WhiteElo "2243"]
[BlackElo "2176"]
[WhiteFideId "12411027"]
[BlackFideId "3218295"]
[EventDate "2024.01.02"]
[EventType "swiss"]

1. Nf3 d5 2. d4 Nf6 3. c4 c6 4. Qc2 e6 5. g3 dxc4 6. Qxc4 b5 7. Qc2 Bb7 8. Bg2
Nbd7 9. Nc3 b4 10. Na4 Qa5 11. Nd2 Qb5 12. O-O Qxe2 13. b3 Be7 14. Bb2 O-O 15.
Rfe1 Qh5 16. Rac1 Rac8 17. Nc4 Rfd8 18. h4 Ba6 19. Ne5 Bb5 20. Nc5 Nxe5 21. Rxe5
Qg6 22. Qd2 Nd5 23. h5 Qh6 24. Qxh6 gxh6 25. Bf3 Bf6 26. Ree1 Bg7 27. Kg2 Ne7
28. Nb7 Rd7 29. Nc5 Rdd8 30. Nb7 Rd7 31. Nc5 Rdc7 32. Be4 Rd8 33. Rcd1 Nd5 34.
Rc1 Nf6 35. Bf3 Nd7 36. Ne4 Nf6 37. Nc5 a5 38. Rc2 Nd5 39. Be4 Nb6 40. Rd2 Nd7
41. Nd3 Nf6 42. Bf3 Bxd3 43. Rxd3 c5 44. Red1 Rcd7 45. Be2 Ne8 46. Rc1 Bxd4 47.
Bxd4 Rxd4 48. Rxd4 cxd4 49. Bd3 Nf6 50. Kf3 Rd5 51. g4 Rg5 52. Rg1 Kg7 53. Rg3
Rc5 54. Ke2 Nd5 55. Kd2 Nf4 56. Bc4 Kf6 57. Rg1 Kg5 58. Rg3 Re5 59. Bd3 Rc5 60.
Bc4 a4 61. Rg1 a3 62. Rg3 Rc7 63. Rg1 Rc5 64. Rg3 Nd5 65. Kd3 e5 66. Bxd5 Rxd5
67. Rf3 f6 68. Rf5+ Kxg4 69. Rxf6 Kxh5 70. Rb6 e4+ 71. Kd2 Rf5 72. Ke1 Kg4 73.
Rxh6 d3 0-1

[Event "ch-AUS 2024"]
[Site "Adelaide AUS"]
[Date "2024.01.08"]
[Round "8.3"]
[White "Melamed, Daniel"]
[Black "Asaka, Samuel"]
[Result "1/2-1/2"]
[WhiteTitle "CM"]
[WhiteElo "1988"]
[BlackElo "2125"]
[WhiteFideId "3229076"]
[BlackFideId "3228690"]
[EventDate "2024.01.02"]
[EventType "swiss"]

1. e4 c6 2. d4 d5 3. exd5 cxd5 4. Bd3 Nc6 5. c3 Qc7 6. Na3 a6 7. Nc2 e6 8. Qf3
Bd6 9. Ne2 Nge7 10. Bf4 O-O 11. Ne3 f6 12. Bxd6 Qxd6 13. Qg3 Qxg3 14. hxg3 h6
15. Nf4 g5 16. Nh5 f5 17. f3 Bd7 18. g4 f4 19. Nc2 Be8 20. Kd2 Bxh5 21. Rxh5 Kg7
22. Re1 Rf6 23. a4 Nc8 24. b4 a5 25. b5 Nd8 26. c4 dxc4 27. Bxc4 Nb6 28. Bb3 Rc8
29. Kd3 Nd5 30. Bxd5 exd5 31. Na3 Rf7 32. Re8 1/2-1/2

[Event "ch-AUS 2024"]
[Site "Adelaide AUS"]
[Date "2024.01.08"]
[Round "8.4"]
[White "Lane, Gary W"]
[Black "Liu, Yi"]
[Result "0-1"]
[WhiteTitle "IM"]
[BlackTitle "FM"]
[WhiteElo "2342"]
[BlackElo "2260"]
[WhiteFideId "3203301"]
[BlackFideId "3210588"]
[EventDate "2024.01.02"]
[EventType "swiss"]

1. e4 e6 2. d4 d5 3. Nd2 c5 4. exd5 Qxd5 5. Ngf3 cxd4 6. Bc4 Qd7 7. O-O Nc6 8.
Nb3 a6 9. Nbxd4 Nxd4 10. Nxd4 Qc7 11. b3 Bd6 12. Re1 Ne7 13. Nf3 O-O 14. Bb2 Nc6
15. a3 e5 16. Ng5 h6 17. Ne4 Be7 18. Qh5 b5 19. Bd5 Bb7 20. Re3 Kh8 21. Rg3 f5
22. Rg6 Kh7 23. Bc1 f4 24. Bb2 Nd4 25. Bxb7 Qxb7 26. Rxg7+ Kxg7 27. Qxe5+ Kh7
28. Bxd4 Rf7 29. f3 Rd8 30. a4 Qd5 31. Qxd5 Rxd5 32. Bc3 b4 33. Bd2 Bc5+ 34. Kf1
Bd4 35. Re1 a5 36. Ke2 Rc7 37. Bxf4 Rxc2+ 38. Kf1 Bc3 39. Rb1 Kg6 40. Bc7 h5 41.
Bb6 Be5 42. h3 h4 43. Bf2 Bg3 44. Bb6 Kf5 45. Kg1 Rb2 46. Rc1 Rxb3 47. Kf1 Rb2 0-1

[Event "ch-AUS 2024"]
[Site "Adelaide AUS"]
[Date "2024.01.08"]
[Round "8.5"]
[White "Nguyen Hong Anh"]
[Black "Ryjanova, Julia"]
[Result "1-0"]
[WhiteTitle "WIM"]
[BlackTitle "WGM"]
[WhiteElo "2020"]
[BlackElo "2285"]
[WhiteFideId "12406732"]
[BlackFideId "4127714"]
[EventDate "2024.01.02"]
[EventType "swiss"]

1. e4 c6 2. d4 d5 3. e5 Bf5 4. Nf3 e6 5. Be2 Nd7 6. O-O h6 7. Re1 Ne7 8. Nbd2 g5
9. Nf1 Bg7 10. a4 c5 11. c3 cxd4 12. cxd4 Nc6 13. Ng3 Bg6 14. Bd3 Bxd3 15. Qxd3
Qb6 16. Be3 Nb4 17. Qe2 g4 18. Nh4 h5 19. Qd2 Bf8 20. a5 Qb5 21. Bg5 Qd3 22. Qf4
Qh7 23. Red1 a6 24. f3 Rg8 25. fxg4 hxg4 26. Qxg4 Rxg5 27. Qxg5 Be7 28. Qg4 Qxh4
29. Qg8+ Nf8 30. Rac1 Nc6 31. Rc2 Qh7 32. Qxh7 Nxh7 33. Rf2 Rc8 34. Rdf1 Nd8 35.
Rf4 Bg5 36. Rg4 Rc4 37. Nh5 Kf8 38. Re1 Rc1 39. Rxc1 Bxc1 40. h4 Bh6 41. Rg3 Nc6
42. Rc3 Bd2 43. Rg3 Ke7 44. Rg7 Nf8 45. Nf6 Be3+ 46. Kf1 Bxd4 47. Ng8+ Ke8 48.
Nf6+ Kd8 49. Rxf7 Ng6 50. h5 Ngxe5 51. Rxb7 Nc4 52. Rd7+ Kc8 53. Rf7 Ne3+ 54.
Ke2 Nxg2 55. Ne8 Be5 56. h6 Nf4+ 57. Kd2 Kd8 58. Ng7 Ng6 59. b4 Bf4+ 60. Rxf4
Nxf4 61. Nxe6+ Nxe6 62. h7 Nxb4 63. h8=Q+ Kd7 64. Qh7+ Kd6 65. Qb7 Nc6 66. Qxa6
Nc5 67. Qb6 Nd7 68. Qb5 Nd4 69. Qb4+ Nc5 70. a6 Nc6 71. Qa3 Na7 72. Qg3+ Kc6 73.
Qb8 Nb5 74. a7 Nb3+ 75. Ke3 d4+ 76. Kd3 Nc5+ 77. Kc4 Nd6+ 78. Qxd6+ Kxd6 79.
a8=Q Ne6 80. Qa5 Kd7 81. Qb6 Ke7 82. Kd5 Nd8 83. Qd6+ Ke8 84. Qc7 d3 85. Ke5 d2
86. Kf6 Nc6 87. Qxc6+ Kd8 88. Qd6+ 1-0

[Event "ch-AUS 2024"]
[Site "Adelaide AUS"]
[Date "2024.01.08"]
[Round "8.6"]
[White "Solomon, Stephen J"]
[Black "Zhang, Jilin"]
[Result "1-0"]
[WhiteTitle "IM"]
[BlackTitle "WGM"]
[WhiteElo "2277"]
[BlackElo "2170"]
[WhiteFideId "3200043"]
[BlackFideId "8602867"]
[EventDate "2024.01.02"]
[EventType "swiss"]

1. d4 Nf6 2. c4 g6 3. Nc3 d5 4. cxd5 Nxd5 5. e4 Nxc3 6. bxc3 Bg7 7. Nf3 c5 8.
Be3 O-O 9. Be2 cxd4 10. cxd4 Qa5+ 11. Bd2 Qa3 12. Rb1 Qxa2 13. O-O Qe6 14. Qc2
a5 15. d5 Qd6 16. Rfc1 Bg4 17. Rxb7 Bxf3 18. gxf3 Be5 19. Bh6 Rd8 20. Qd2 Bg7
21. Be3 Nd7 22. f4 a4 23. Rc6 Qa3 24. e5 Nxe5 25. fxe5 Qa1+ 26. Kg2 Qxe5 27. Bc4
a3 28. Ba2 h5 29. Qd3 Ra4 30. h3 Qa1 31. Qc2 Bb2 32. Rxe7 Qxa2 33. Rxg6+ Kf8 1-0

[Event "ch-AUS 2024"]
[Site "Adelaide AUS"]
[Date "2024.01.08"]
[Round "8.7"]
[White "Phan, Nguyen Mai Chi"]
[Black "Leong, Benjamin"]
[Result "1-0"]
[WhiteTitle "WFM"]
[BlackTitle "CM"]
[WhiteElo "2122"]
[BlackElo "1879"]
[WhiteFideId "12401684"]
[BlackFideId "3238512"]
[EventDate "2024.01.02"]
[EventType "swiss"]

1. d4 d5 2. c4 c6 3. Nf3 Nf6 4. Nc3 e6 5. e3 Nbd7 6. Bd3 dxc4 7. Bxc4 b5 8. Bd3
Bd6 9. O-O O-O 10. h3 Bb7 11. Re1 a6 12. e4 e5 13. Ne2 c5 14. d5 Bxd5 15. Bb1
Bxe4 16. Qxd6 Bxf3 17. gxf3 Qa5 18. Bd2 Qa4 19. Bf5 Rad8 20. Bg5 h6 21. Be3 Qh4
22. Rad1 Qh5 23. Bg4 Qg6 24. Ng3 Qc2 25. Rd2 Qc4 26. Red1 h5 27. Bxd7 Rxd7 28.
Qxe5 Re8 29. Qg5 Rxd2 30. Rxd2 Qe6 31. Kg2 c4 32. Nf5 g6 33. Rd6 Qxf5 34. Qxf5
gxf5 35. Rxf6 f4 36. Bd4 b4 37. Rc6 1-0

[Event "ch-AUS 2024"]
[Site "Adelaide AUS"]
[Date "2024.01.08"]
[Round "8.8"]
[White "Jordan, William"]
[Black "Dragicevic, Domagoj"]
[Result "0-1"]
[WhiteTitle "FM"]
[BlackTitle "FM"]
[WhiteElo "2143"]
[BlackElo "2040"]
[WhiteFideId "3200876"]
[BlackFideId "3203328"]
[EventDate "2024.01.02"]
[EventType "swiss"]

1. e4 e5 2. Nf3 Nc6 3. Bb5 a6 4. Ba4 b5 5. Bb3 Na5 6. O-O d6 7. d4 exd4 8. Nxd4
Bb7 9. c4 c5 10. Nf3 Nf6 11. Nc3 Nxb3 12. axb3 b4 13. Nd5 Nxd5 14. cxd5 Be7 15.
Nd2 O-O 16. Nc4 a5 17. Bf4 f5 18. f3 fxe4 19. fxe4 Ba6 20. Qc2 Bxc4 21. Qxc4 Bg5
22. e5 Bxf4 23. Rxf4 Rxf4 24. Qxf4 dxe5 25. Qxe5 Qf6 26. Qxf6 gxf6 27. Rc1 Rc8
28. Kf2 Kf7 29. Ke3 Ke7 30. Ke4 Kd6 31. Rf1 Re8+ 32. Kd3 Kxd5 33. Rf5+ Re5 34.
Rxf6 Rg5 35. g3 h5 36. Rh6 Re5 37. Rh8 Kc6 38. Rg8 Rd5+ 39. Ke3 Re5+ 40. Kd3
Rd5+ 41. Kc2 Rf5 42. Rd8 Rf2+ 43. Rd2 Rf3 44. Rg2 Kb5 45. h3 h4 46. gxh4 Rxh3
47. Rg4 Rh2+ 48. Kb1 a4 49. bxa4+ Kxa4 50. Rc4 Kb3 51. Rxc5 Rxh4 52. Rc1 Rh2 53.
Rg1 Rxb2+ 54. Ka1 Rd2 55. Kb1 Ka3 56. Rg8 Rf2 57. Rh8 Rf1+ 58. Kc2 b3+ 59. Kc3
Rf3+ 60. Kd2 b2 61. Kc2 Rf2+ 62. Kc3 Ka2 63. Rb8 Kb1 64. Rh8 Rf3+ 65. Kd2 Ka2
66. Ra8+ Ra3 67. Rxa3+ Kxa3 68. Kc2 Ka2 0-1

[Event "ch-AUS 2024"]
[Site "Adelaide AUS"]
[Date "2024.01.08"]
[Round "8.9"]
[White "Li, Hui"]
[Black "Leaver, Kyle"]
[Result "1/2-1/2"]
[WhiteTitle "CM"]
[WhiteElo "1988"]
[BlackElo "2062"]
[WhiteFideId "15400310"]
[BlackFideId "3228410"]
[EventDate "2024.01.02"]
[EventType "swiss"]

1. e4 c5 2. Nf3 d6 3. d4 cxd4 4. Nxd4 Nf6 5. Nc3 a6 6. Be2 e5 7. Nb3 Be6 8. f4
Be7 9. O-O O-O 10. Kh1 Re8 11. a4 exf4 12. Bxf4 Nc6 13. Nd4 Ne5 14. Qe1 Rc8 15.
Rd1 Qb6 16. Bc1 Bd8 17. Qg3 Kh8 18. Nf5 1/2-1/2

[Event "ch-AUS 2024"]
[Site "Adelaide AUS"]
[Date "2024.01.08"]
[Round "8.10"]
[White "Bukreyev, Andriy"]
[Black "Rodgers, Jack"]
[Result "0-1"]
[WhiteTitle "CM"]
[BlackTitle "FM"]
[WhiteElo "1967"]
[BlackElo "2059"]
[WhiteFideId "3242730"]
[BlackFideId "3220885"]
[EventDate "2024.01.02"]
[EventType "swiss"]

1. e4 g6 2. d4 Bg7 3. Nf3 d6 4. Bd3 Nd7 5. O-O e5 6. c3 Ne7 7. Be3 h6 8. h4 Nb6
9. Nh2 Nc6 10. d5 Ne7 11. a4 Ng8 12. Bb5+ Nd7 13. g3 a6 14. Be2 f5 15. exf5 gxf5
16. f4 e4 17. Re1 Ndf6 18. c4 h5 19. Bd4 Kf8 20. Kh1 c5 21. dxc6 bxc6 22. c5 d5
23. Na3 Nh6 24. Nc2 Nhg4 25. Nxg4 hxg4 26. Kg2 Nh5 27. Bxg7+ Kxg7 28. Qd4+ Kf7
29. Rh1 Rb8 30. b4 Rh6 31. Ra3 Qf6 32. b5 axb5 33. axb5 cxb5 34. Qxf6+ Rxf6 35.
Nd4 b4 36. Rb3 Ng7 37. h5 Ne6 38. Nc6 Nxf4+ 39. gxf4 Rxc6 40. h6 Kg8 0-1

[Event "ch-AUS 2024"]
[Site "Adelaide AUS"]
[Date "2024.01.08"]
[Round "8.11"]
[White "Soo, Kai Jie"]
[Black "Hernandez Mendez, Iker"]
[Result "1-0"]
[WhiteTitle "FM"]
[WhiteElo "2058"]
[BlackElo "1834"]
[WhiteFideId "5803454"]
[BlackFideId "3243214"]
[EventDate "2024.01.02"]
[EventType "swiss"]

1. d4 Nf6 2. c4 e6 3. g3 c5 4. Nf3 cxd4 5. Nxd4 d5 6. Bg2 e5 7. Nf3 d4 8. O-O
Nc6 9. e3 Bc5 10. exd4 exd4 11. Re1+ Be6 12. Ng5 O-O 13. Nxe6 fxe6 14. Nd2 Qb6
15. Nb3 e5 16. Bxc6 Qxc6 17. Rxe5 Nd7 18. Rd5 Rae8 19. Bf4 d3 20. Qxd3 Ne5 21.
Bxe5 Bxf2+ 22. Kg2 Rxe5 23. Rf1 Re3 24. Qc2 Ref3 25. Nd4 Qf6 26. Qe2 Bxd4 27.
Rxf3 Qxf3+ 28. Qxf3 Rxf3 29. Kxf3 Bxb2 30. Rb5 Bd4 31. Rxb7 h6 32. Ke4 Bg1 33.
h3 Kh7 34. Kf5 Bf2 35. g4 Be3 36. h4 1-0

[Event "ch-AUS 2024"]
[Site "Adelaide AUS"]
[Date "2024.01.08"]
[Round "8.12"]
[White "Lee, Aaron James"]
[Black "Annapureddy, Rheyansh Reddy"]
[Result "1-0"]
[WhiteElo "2051"]
[BlackElo "1866"]
[WhiteFideId "3232409"]
[BlackFideId "3244806"]
[EventDate "2024.01.02"]
[EventType "swiss"]

1. e4 c5 2. Nf3 Nc6 3. c3 e5 4. d4 cxd4 5. cxd4 exd4 6. Nxd4 Bb4+ 7. Nc3 Nf6 8.
Nxc6 bxc6 9. Bd3 d5 10. exd5 Qe7+ 11. Qe2 Nxd5 12. Qxe7+ Kxe7 13. O-O Be6 14.
Nxd5+ cxd5 15. Be3 d4 16. Bf4 Rhd8 17. a3 Ba5 18. b4 Bb6 19. Rfe1 h6 20. Bd2 a5
21. f4 Kf8 22. f5 Bd5 23. f6 Rd6 24. fxg7+ Kxg7 25. Re5 a4 26. Rf1 Rc8 27. Rf4
Bc4 28. Rg4+ Kf6 29. Rf5+ Ke6 30. Rc5 Bxd3 31. Rxc8 Kd5 32. Rh4 Re6 33. Rh5+ Kd6
34. b5 Be4 35. Rxh6 f6 36. Rb8 Kd5 37. Rhh8 Bg6 38. h4 d3+ 39. Kf1 Bc5 40. h5
Bf5 41. Rhe8 Re5 42. Rxe5+ fxe5 43. b6 Kc6 44. b7 Bxa3 45. Ra8 Kxb7 46. Rxa4 Bc5
47. g4 Bh7 48. Rc4 Kb6 49. g5 Bg8 50. Rxc5 Kxc5 51. g6 e4 52. h6 Bc4 53. Kf2 Bg8
54. h7 1-0

[Event "ch-AUS 2024"]
[Site "Adelaide AUS"]
[Date "2024.01.08"]
[Round "8.13"]
[White "De Vas, Saminda"]
[Black "Rice, Leah"]
[Result "1/2-1/2"]
[WhiteElo "1801"]
[BlackElo "1525"]
[WhiteFideId "9905260"]
[BlackFideId "5824605"]
[EventDate "2024.01.02"]
[EventType "swiss"]

1. d4 d5 2. c4 c6 3. cxd5 cxd5 4. Nc3 Nf6 5. Bg5 e6 6. Nf3 Nbd7 7. e3 Qa5 8.
Bxf6 Nxf6 9. Bb5+ Bd7 10. Bxd7+ Nxd7 11. O-O Bb4 12. Qb3 O-O 13. Rfc1 Rac8 14.
Ne2 Nb6 15. a3 Bd6 16. Rxc8 Rxc8 17. Rc1 Rxc1+ 18. Nxc1 e5 19. dxe5 Bxe5 20. Nd3
Bf6 21. g3 Qa6 22. Nc5 Qc4 23. Qxc4 Nxc4 24. b3 Nd6 25. a4 b6 26. Nd3 Ne4 27.
Kf1 Kf8 28. Ke1 Ke7 29. Nd4 1/2-1/2

[Event "ch-AUS 2024"]
[Site "Adelaide AUS"]
[Date "2024.01.09"]
[Round "9.1"]
[White "Sardana, Rishi"]
[Black "Solomon, Stephen J"]
[Result "1-0"]
[WhiteTitle "IM"]
[BlackTitle "IM"]
[WhiteElo "2470"]
[BlackElo "2277"]
[WhiteFideId "25004301"]
[BlackFideId "3200043"]
[EventDate "2024.01.02"]
[EventType "swiss"]

1. e4 c5 2. Nf3 d6 3. Bb5+ Bd7 4. Bxd7+ Qxd7 5. O-O Nc6 6. Qe2 Nf6 7. c3 e5 8.
Rd1 Qg4 9. d3 Be7 10. Bg5 Nh5 11. h3 Qe6 12. Be3 O-O 13. d4 exd4 14. cxd4 Qxe4
15. Nc3 Qg6 16. dxc5 dxc5 17. Nd5 Rae8 18. Qb5 b6 19. Ne5 Nxe5 20. Qxe8 Rxe8 21.
Nxe7+ Kf8 22. Nxg6+ hxg6 23. Rac1 f5 24. Rc2 f4 25. Bd2 Rd8 26. b4 c4 27. b5 Kf7
28. Re1 Rd5 29. a4 g5 30. Bc3 Nd3 31. Re4 f3 32. g3 Nc5 33. Rxc4 Rd1+ 34. Kh2
Kg6 35. Bd4 Ne4 36. Rc1 Rxc1 37. Rxc1 Nhf6 38. Rc7 g4 39. hxg4 Nxg4+ 40. Kg1
Ngf6 41. Rxa7 Nd5 42. Rd7 Ndc3 43. Rxg7+ Kf5 44. Bxc3 Nxc3 45. a5 1-0